CONTROL ESTADISTICO DE CALIDAD Y SEIS SIGMA (Registro nro. 55500)
[ vista simple ]
| 000 -LEADER | |
|---|---|
| fixed length control field | 00980nam a2200205 a 4500 |
| 001 - CONTROL NUMBER | |
| control field | 55500 |
| 005 - DATE AND TIME OF LATEST TRANSACTION | |
| control field | 20180714050828.0 |
| 008 - FIXED-LENGTH DATA ELEMENTS--GENERAL INFORMATION | |
| fixed length control field | 140415s2009 mx 000 0 spa d |
| 020 ## - INTERNATIONAL STANDARD BOOK NUMBER | |
| International Standard Book Number | 9789701069127 |
| 041 ## - LANGUAGE CODE | |
| Language code of text/sound track or separate title | spa |
| 082 ## - DEWEY DECIMAL CLASSIFICATION NUMBER | |
| Classification number | 658.562 |
| Item number | GUT |
| 100 1# - MAIN ENTRY--PERSONAL NAME | |
| Personal name | Gutiérrez Pulido, Humberto,. |
| 245 10 - TITLE STATEMENT | |
| Title | CONTROL ESTADISTICO DE CALIDAD Y SEIS SIGMA |
| 250 ## - EDITION STATEMENT | |
| Edition statement | 2a ed. |
| 260 ## - PUBLICATION, DISTRIBUTION, ETC. | |
| Place of publication, distribution, etc. | MEXICO : |
| Name of publisher, distributor, etc. | MCGRAW-HILL INTERAMERICANA EDITORES, |
| Date of publication, distribution, etc. | 2009 |
| 300 ## - PHYSICAL DESCRIPTION | |
| Extent | 884 |
| Dimensions | 20.8 x 2.2 x 26.7 |
| 520 ## - SUMMARY, ETC. | |
| Summary, etc. | ESTE LIBRO DESCRIBE LOS PRINCIPALES CONCEPTOS Y METODOS SOBRE EL CONTROL ESTADISTICO DE LA CALIDAD, ASI COMO LOS ASPECTOS ESENCIALES DE LA ESTRATEGIA DE MEJORA CONOCIDA COMO SEIS SIGMA. ESTA ES UNA ESTRATEGIA DE MEJORA CONTINUA QUE POR MAS DE UNA DECADA, HAN UTILIZADO MUCHAS DE LAS COMPAÑIAS LIDERES EN EL MUNDO. |
| 650 14 - SUBJECT ADDED ENTRY--TOPICAL TERM | |
| Topical term or geographic name entry element | CALIDAD TOTAL |
| General subdivision | CONTROL DE CALIDAD |
| -- | EMPRESAS |
| -- | ADMINISTRACIN |
| -- | CONTROL ESTADISTICO DE CALIDAD |
| 700 1# - ADDED ENTRY--PERSONAL NAME | |
| Personal name | VARA SALAZAR, ROMAN DE LA |
| Relator term | coaut. |
| Withdrawn status | Lost status | Source of classification or shelving scheme | Damaged status | Not for loan | Collection code | Home library | Current library | Shelving location | Date acquired | Source of acquisition | Inventory number | Total Checkouts | Full call number | Barcode | Date last seen | Date last checked out | Price effective from | Koha item type |
|---|---|---|---|---|---|---|---|---|---|---|---|---|---|---|---|---|---|---|
| Dewey Decimal Classification | General | Biblioteca Karol Wojtyla | Biblioteca Karol Wojtyla | Sala general | 03/12/2013 | Compra | 151000000000000000026122 | 658.562 GUT | 83256 | 05/01/2026 | 04/04/2018 | 03/12/2013 | Libro | |||||
| Dewey Decimal Classification | General | Biblioteca Karol Wojtyla | Biblioteca Karol Wojtyla | Sala general | 03/12/2013 | Compra | 151000000000000000026121 | 3 | 658.562 GUT | 83257 | 05/01/2026 | 23/08/2022 | 03/12/2013 | Libro |